Statistics for Top 10 Amusement Parks by Annual Visitors

Click here to take the quiz!

General Stats

  • This quiz has been taken 146 times
  • The average score is 5 of 10

Answer Stats

LocationAmount of VisitorsAmusement Park% Correct
United States18,300,000Disneyland Park
91%
United States10,198,000Universal Studios Florida
67%
United States12,200,000Epcot
64%
United States20,450,000Magic Kingdom
63%
United States12,500,000Disney's Animal Kingdom
59%
United States10,722,000Disney's Hollywood Studios
49%
Japan13,500,000Tokyo DisneySea
40%
Japan16,600,000Tokyo Disneyland
39%
China11,000,000Shanghai Disneyland Park
26%
Japan14,935,000Universal Studios Japan
24%

Score Distribution

Percentile by Number Answered

Percent of People with Each Score

Your Score History

You have not taken this quiz